000 00477nam a2200181Ia 4500
001 3813
005 20260306145711.0
008 260306t2003||||xx |||||||||||||| ||spa||
041 _aESP
082 _a303.4833
_bV78
100 _aVizcarra, Maite (Comp.)
_eAUT
245 0 _aLa sociedad de la información:
_bnuevas tendencias de las telecomunicaciones
260 _c2003
300 _a308 pƔginas :
_c25 cm.
650 _aGEN
654 _aCHU
942 _cLIB
_dJUS
_fJUS
_2ddc
_n
999 _c3813
_d3813